[Event "XVIII Festival Magistrale"]
[Site "Asti ITA"]
[Date "1997.10.02"]
[Round "6"]
[White "Fittante, Giuliana"]
[Black "Frank, Albert"]
[Result "1/2-1/2"]
[WhiteElo "1749"]
[BlackElo "2050"]
[PlyCount "86"]
[EventDate "1997.09.27"]

1.e4 c5 2.d4 cxd4 3.c3 d5 4.exd5 Qxd5 5.Nf3 Nc6 6.Be2 e5 7.O-O Nf6 8.cxd4 
exd4 9.Re1 Be7 10.Na3 O-O 11.Nb5 Bb4 12.Nc7 Qd6 13.Nxa8 Bxe1 14.Nxe1 Bf5 
15.Nd3 Bxd3 16.Qxd3 Rxa8 17.Bg5 Re8 18.Bf3 Ne5 19.Qf5 Nxf3+ 20.Qxf3 Qb4 
21.Qd1 Qxb2 22.Rb1 Qe2 23.Qxe2 Rxe2 24.Kf1 Rxa2 25.Rxb7 Ne8 26.Be7 f6 27.
Bc5 d3 28.Ke1 Re2+ 29.Kd1 Rc2 30.Bxa7 Nc7 31.Rb8+ Kf7 32.Rd8 Nb5 33.Be3 
Nc3+ 34.Ke1 Re2+ 35.Kf1 Rb2 36.g3 Rb1+ 37.Kg2 Rd1 38.Kf3 f5 39.Bf4 h6 40.
h4 Ne4 41.g4 g5 42.hxg5 hxg5 43.gxf5 Re1 1/2-1/2

[Event "XVIII Festival Magistrale"]
[Site "Asti ITA"]
[Date "1997.10.02"]
[Round "6"]
[White "Glek, Igor V."]
[Black "Flear, Glenn Curtis"]
[Result "1/2-1/2"]
[WhiteElo "2505"]
[BlackElo "2475"]
[PlyCount "65"]
[EventDate "1997.09.27"]

1.e4 e5 2.Nf3 Nc6 3.Bb5 a6 4.Bxc6 dxc6 5.O-O Bd6 6.d4 exd4 7.Qxd4 f6 8.Be3
Be6 9.Nbd2 Ne7 10.Qc3 O-O 11.Nc4 Qd7 12.Rad1 Rad8 13.Bc5 Bxc4 14.Qxc4+ Kh8
15.Qb3 Qc8 16.Qb4 Bxc5 17.Qxc5 Ng6 18.Qe3 Rfe8 19.Rxd8 Rxd8 20.Re1 h6 21.
h3 b6 22.Nd4 Qd7 23.Nf5 Kh7 24.g3 Ne7 25.Nxe7 Qxe7 26.h4 c5 27.Qe2 a5 28.
c3 Qe6 29.a3 c4 30.h5 Rd3 31.a4 c6 32.Kg2 Qd7 33.e5 1/2-1/2

[Event "XVIII Festival Magistrale"]
[Site "Asti ITA"]
[Date "1997.10.02"]
[Round "6"]
[White "Korneev, Oleg"]
[Black "Arlandi, Ennio"]
[Result "1-0"]
[WhiteElo "2565"]
[BlackElo "2470"]
[PlyCount "45"]
[EventDate "1997.09.27"]

1.e4 c6 2.d4 d5 3.Nd2 dxe4 4.Nxe4 Nd7 5.Ng5 Ngf6 6.Bd3 e6 7.N1f3 Bd6 8.Qe2
h6 9.Ne4 Nxe4 10.Qxe4 c5 11.O-O Qc7 12.Qg4 Kf8 13.Bd2 e5 14.dxc5 Nxc5 15.
Bf5 h5 16.Qh3 Ne4 17.Rad1 g6 18.Bxc8 Qxc8 19.Rfe1 f5 20.Bc3 Bc5 21.Rxe4 
fxe4 22.Rd7 exf3 23.Qxf3+ 1-0

[Event "XVIII Festival Magistrale"]
[Site "Asti ITA"]
[Date "1997.10.02"]
[Round "6"]
[White "Ricca, Roberto"]
[Black "Fuggetta, Leonardo"]
[Result "1-0"]
[WhiteElo "2145"]
[BlackElo "2065"]
[PlyCount "64"]
[EventDate "1997.09.27"]

1.f4 d5 2.Nf3 g6 3.g3 Bg7 4.Bg2 Nf6 5.O-O O-O 6.d3 c5 7.Qe1 Nc6 8.c3 e5 9.
Nxe5 Nxe5 10.fxe5 Ng4 11.d4 Qb6 12.e3 Be6 13.h3 Nh6 14.g4 Rad8 15.Nd2 f6 
16.dxc5 Qxc5 17.Nb3 Qe7 18.exf6 Bxf6 19.e4 Bh4 20.Qe2 Rxf1+ 21.Bxf1 Nf7 
22.Nd4 Qd6 23.e5 Qe7 24.Bf4 Rf8 25.Bg2 Nd8 26.Rf1 Nc6 27.Nxe6 Qxe6 28.Qb5 
Rd8 29.Bh6 Qxe5 30.Qxd5+ Qxd5 31.Bxd5+ Kh8 32.Rf7 Ne5 1-0

[Event "XVIII Festival Magistrale"]
[Site "Asti ITA"]
[Date "1997.10.02"]
[Round "6"]
[White "Rossi, Giampiero"]
[Black "Crea, Vincenzo"]
[Result "1-0"]
[WhiteElo "2150"]
[BlackElo "2155"]
[PlyCount "95"]
[EventDate "1997.09.27"]

1.d4 d5 2.c4 c6 3.cxd5 cxd5 4.Nc3 Nf6 5.Nf3 Nc6 6.Bf4 e6 7.e3 Be7 8.h3 a6 
9.Rc1 Bd7 10.Bd3 b5 11.O-O O-O 12.Qe2 Qb6 13.Bb1 Rfc8 14.Ne5 Be8 15.Nxc6 
Bxc6 16.a3 b4 17.axb4 Bxb4 18.Bd3 Be8 19.Na2 Be7 20.Rxc8 Rxc8 21.Rc1 Rxc1+
22.Nxc1 Bb5 23.Bxb5 Qxb5 24.Qxb5 axb5 25.f3 Kf8 26.Kf2 Ke8 27.Ke2 Kd7 28.
Kd3 Kc6 29.Kc3 Nd7 30.Nd3 Nb6 31.Ne5+ Kb7 32.Nxf7 h6 33.b3 Nd7 34.Be5 Nxe5
35.Nxe5 Kc7 36.Nd3 Kc6 37.e4 dxe4 38.fxe4 Bd6 39.e5 Be7 40.Nf4 Kd7 41.Kd3 
Bb4 42.Ke4 Ba3 43.Nh5 Bf8 44.Nf4 Ba3 45.d5 exd5+ 46.Kxd5 Bb4 47.Ne6 g5 48.
Nd4 1-0

[Event "XVIII Festival Magistrale"]
[Site "Asti ITA"]
[Date "1997.10.02"]
[Round "6"]
[White "Saccona, Silvano"]
[Black "Canelli, Daniele"]
[Result "0-1"]
[WhiteElo "2155"]
[BlackElo "2065"]
[PlyCount "72"]
[EventDate "1997.09.27"]

1.e4 c5 2.Nf3 b6 3.Nc3 Bb7 4.d3 Nc6 5.g3 e6 6.Qe2 Nge7 7.Nb5 Ng6 8.Bg5 f6 
9.Bd2 a6 10.Nc3 Nd4 11.Qd1 Be7 12.Bg2 O-O 13.O-O Nxf3+ 14.Bxf3 Rc8 15.Qe2 
f5 16.exf5 Bxf3 17.Qxf3 Rxf5 18.Qb7 Rb8 19.Qxa6 b5 20.Ne4 b4 21.c4 Rb6 22.
Qa5 d5 23.g4 dxe4 24.gxf5 exf5 25.Kh1 Bd6 26.f4 exf3 27.Rf2 Ne5 28.Raf1 
Ng4 29.Rxf3 Nxh2 30.Bg5 Qb8 31.Rxf5 Nxf1 32.Rxf1 Qc8 33.Rf3 Rb8 34.Qa7 Qe8
35.Bh4 Qh5 36.Kg2 Qxh4 0-1

[Event "XVIII Festival Magistrale"]
[Site "Asti ITA"]
[Date "1997.10.02"]
[Round "6"]
[White "Spinelli, Doriano"]
[Black "Quagliana, Giuseppe"]
[Result "1-0"]
[WhiteElo "2200"]
[BlackElo "1914"]
[PlyCount "111"]
[EventDate "1997.09.27"]

1.e4 e6 2.d3 d5 3.Qe2 dxe4 4.dxe4 e5 5.Nf3 Bd6 6.Nbd2 b6 7.Nc4 Ba6 8.Bg5 
Nf6 9.O-O-O Bxc4 10.Qxc4 Qe7 11.Nh4 O-O 12.Nf5 Qd8 13.f4 Nbd7 14.g3 h6 15.
Bxf6 Qxf6 16.Bh3 Nc5 17.Rhf1 b5 18.Qd5 Rad8 19.Nxd6 cxd6 20.fxe5 Qxe5 21.
Rxf7 Qxd5 22.Rxf8+ Rxf8 23.exd5 Rf6 24.Rd2 Kf7 25.Re2 a5 26.Kd2 g5 27.b3 
h5 28.Ke3 b4 29.c3 g4 30.Bg2 Rf5 31.Kd4 bxc3 32.Kxc3 h4 33.gxh4 Rf4 34.Re1
Nd7 35.Rf1 Rxf1 36.Bxf1 Ne5 37.Be2 Kg6 38.a3 Kf5 39.Kd4 Kf4 40.h5 Nf3+ 41.
Kd3 Ne5+ 42.Kd2 Kg5 43.Ke3 Nd7 44.b4 axb4 45.axb4 Nf6 46.Kd4 Nxh5 47.b5 
Nf6 48.b6 Nd7 49.b7 Kf4 50.Bb5 Nb8 51.Be8 g3 52.hxg3+ Kxg3 53.Kc4 Na6 54.
Bb5 Nb8 55.Kb4 Kf4 56.Ka5 1-0

[Event "XVIII Festival Magistrale"]
[Site "Asti ITA"]
[Date "1997.10.03"]
[Round "7"]
[White "Arlandi, Ennio"]
[Black "Dutreeuw, Marc"]
[Result "1-0"]
[WhiteElo "2470"]
[BlackElo "2400"]
[PlyCount "71"]
[EventDate "1997.09.27"]

1.d4 d5 2.c4 e6 3.Nc3 Be7 4.Nf3 Nf6 5.Qc2 c5 6.dxc5 Qa5 7.cxd5 exd5 8.Bd2 
Qxc5 9.Rc1 Nc6 10.e3 O-O 11.Qb1 Qb6 12.Be2 a6 13.O-O Rd8 14.Rfd1 Bg4 15.
Na4 Qa7 16.b4 Rac8 17.Nc5 a5 18.a3 axb4 19.axb4 b6 20.Nd3 Qa3 21.b5 Nb8 
22.Bb4 Bxb4 23.Qxb4 Qxb4 24.Nxb4 Rc5 25.h3 Bxf3 26.Bxf3 Rxb5 27.Nxd5 Nxd5 
28.Bxd5 Kf8 29.e4 Rc5 30.Ra1 Ke7 31.Ra7+ Rd7 32.Ra8 Nc6 33.Rb1 b5 34.Rc8 
Rd6 35.Rc7+ Ke8 36.Ra1 1-0

[Event "XVIII Festival Magistrale"]
[Site "Asti ITA"]
[Date "1997.10.03"]
[Round "7"]
[White "Canelli, Daniele"]
[Black "Fittante, Giuliana"]
[Result "1-0"]
[WhiteElo "2065"]
[BlackElo "1749"]
[PlyCount "76"]
[EventDate "1997.09.27"]

1.d4 d5 2.c4 e6 3.a3 Nf6 4.Nc3 Be7 5.Nf3 c6 6.Bf4 dxc4 7.e3 b5 8.Qc2 Nd5 
9.Bxb8 Rxb8 10.Ne5 Bb7 11.Be2 O-O 12.Ne4 Qa5+ 13.Kf1 Qc7 14.h4 c5 15.Ng5 
g6 16.Nxh7 cxd4 17.exd4 Nf4 18.Rh2 Nxe2 19.Kxe2 Kxh7 20.h5 Kg7 21.hxg6 Rh8
22.Rxh8 Rxh8 23.gxf7 Rh6 24.Rh1 Qxe5+ 25.dxe5 Rxh1 26.Qd2 Bd5 27.Qf4 Rh6 
28.g3 Rg6 29.Qe3 Kf8 30.Qxa7 Kxf7 31.Qb6 Rg5 32.Qe3 Rf5 33.f4 Kg6 34.Qa7 
Rf7 35.Qb8 Rh7 36.Qg8+ Rg7 37.f5+ exf5 38.Qxd5 Rh7 1-0

[Event "XVIII Festival Magistrale"]
[Site "Asti ITA"]
[Date "1997.10.03"]
[Round "7"]
[White "Flear, Glenn Curtis"]
[Black "Rossi, Giampiero"]
[Result "0-1"]
[WhiteElo "2475"]
[BlackElo "2150"]
[PlyCount "92"]
[EventDate "1997.09.27"]

1.d4 d5 2.c4 e6 3.Nf3 Nf6 4.g3 c6 5.Bg2 Be7 6.O-O O-O 7.Nbd2 Nbd7 8.b3 b6 
9.Bb2 Bb7 10.Qc2 Rc8 11.e4 Qc7 12.e5 Ne8 13.Rac1 Qb8 14.Rfe1 Nc7 15.Qb1 
Rfd8 16.h4 c5 17.cxd5 Bxd5 18.Ne4 Ne8 19.Ba3 h6 20.Nfd2 Bf8 21.dxc5 Nxe5 
22.Rc3 f5 23.Nd6 Nxd6 24.Bxd5 exd5 25.cxd6 Rxc3 26.Rxe5 Bxd6 27.Bxd6 Qxd6 
28.Qxf5 Rf8 29.Qh5 Rd3 30.Nf1 Qf6 31.f4 Qc6 32.Qg4 Re8 33.h5 Qc5+ 34.Kg2 
Qc2+ 35.Kg1 Rxe5 36.fxe5 Rd1 37.e6 Qd3 38.Qf4 Qxf1+ 39.Qxf1 Rxf1+ 40.Kxf1 
Kf8 41.Ke2 Ke7 42.Ke3 Kxe6 43.Kf4 Kf6 44.b4 a6 45.a4 Ke6 46.b5 a5 0-1

[Event "XVIII Festival Magistrale"]
[Site "Asti ITA"]
[Date "1997.10.03"]
[Round "7"]
[White "Fuggetta, Leonardo"]
[Black "Saccona, Silvano"]
[Result "1/2-1/2"]
[WhiteElo "2065"]
[BlackElo "2155"]
[PlyCount "112"]
[EventDate "1997.09.27"]

1.e4 c6 2.d3 d5 3.Nd2 Qc7 4.g3 e6 5.Bg2 Nd7 6.Ngf3 b6 7.O-O Bb7 8.a4 a5 9.
Re1 Ngf6 10.exd5 cxd5 11.Nd4 Be7 12.Nb5 Qd8 13.Nf3 Nc5 14.Bf4 Na6 15.Nfd4 
O-O 16.Qe2 Re8 17.h4 Bc5 18.Be5 Rc8 19.c3 Qe7 20.Qf3 Nd7 21.Qf4 Nxe5 22.
Qxe5 Qd7 23.Bh3 Kh8 24.Re2 Bf8 25.f4 Nc5 26.Qe3 Qd8 27.Kh2 Ba6 28.Nf3 Bxb5
29.axb5 Nb7 30.d4 Nd6 31.Qd3 g6 32.Ne5 Kg8 33.h5 Bg7 34.hxg6 hxg6 35.Rae1 
Ne4 36.Bg2 Nf6 37.Rh1 Nh5 38.Bf3 Bxe5 39.fxe5 Qg5 40.Bxh5 Qxh5+ 41.Kg1 Qg5
42.Qf3 Kg7 43.Rh7+ Kxh7 44.Qxf7+ Kh6 45.Rh2+ Qh5 46.Qf4+ Kg7 47.Qf6+ Kh7 
48.Rxh5+ gxh5 49.Qf7+ Kh6 50.Qf6+ Kh7 51.Qg5 a4 52.Qxh5+ Kg7 53.Qg5+ Kf8 
54.Qf6+ Kg8 55.Qg6+ Kf8 56.Qh6+ Kg8 1/2-1/2

[Event "XVIII Festival Magistrale"]
[Site "Asti ITA"]
[Date "1997.10.03"]
[Round "7"]
[White "Glek, Igor V."]
[Black "Korneev, Oleg"]
[Result "1/2-1/2"]
[WhiteElo "2505"]
[BlackElo "2565"]
[PlyCount "43"]
[EventDate "1997.09.27"]

1.e4 e5 2.Nf3 Nc6 3.Nc3 Nf6 4.g3 Bc5 5.Bg2 d6 6.d3 a6 7.O-O Be6 8.h3 h6 9.
Be3 Bxe3 10.fxe3 Ne7 11.Nh4 c6 12.Kh2 Qc7 13.d4 d5 14.exd5 Nfxd5 15.Nxd5 
Nxd5 16.Qd2 Ne7 17.dxe5 Qxe5 18.Qd4 Qc7 19.e4 O-O 20.Nf5 Nxf5 21.exf5 Rad8
22.Qg1 1/2-1/2

[Event "XVIII Festival Magistrale"]
[Site "Asti ITA"]
[Date "1997.10.03"]
[Round "7"]
[White "Luther, Thomas"]
[Black "Spinelli, Doriano"]
[Result "1-0"]
[WhiteElo "2525"]
[BlackElo "2200"]
[PlyCount "61"]
[EventDate "1997.09.27"]

1.e4 d5 2.exd5 Nf6 3.d4 Bg4 4.Be2 Bxe2 5.Qxe2 Qxd5 6.Nf3 c6 7.O-O Nbd7 8.
c4 Qh5 9.Nc3 e6 10.Rd1 Bb4 11.Ne4 Nxe4 12.Qxe4 Nf6 13.Qe2 Bd6 14.h3 O-O 
15.Bg5 Rfe8 16.Qd3 Rad8 17.Qb3 Rd7 18.Bxf6 gxf6 19.d5 cxd5 20.cxd5 e5 21.
Qa4 Red8 22.Rac1 Re7 23.Qg4+ Qxg4 24.hxg4 h5 25.Nh4 hxg4 26.Nf5 Red7 27.
Rc4 e4 28.Rxe4 Be5 29.Rxg4+ Kf8 30.Rh4 Kg8 31.Rd3 1-0

[Event "XVIII Festival Magistrale"]
[Site "Asti ITA"]
[Date "1997.10.03"]
[Round "7"]
[White "Mollero, Michele"]
[Black "Rossi, Carlo"]
[Result "1/2-1/2"]
[WhiteElo "2095"]
[BlackElo "2355"]
[PlyCount "128"]
[EventDate "1997.09.27"]

1.d4 Nc6 2.Nf3 d6 3.e3 g6 4.b3 Bg7 5.Bb2 f5 6.Bc4 Nf6 7.Nbd2 a6 8.Ng5 d5 
9.Be2 h6 10.Nh3 g5 11.c4 Be6 12.Rc1 O-O 13.f4 Ng4 14.Nf1 Bf6 15.g3 Kg7 16.
Nf2 Nxf2 17.Kxf2 g4 18.h4 h5 19.c5 Bd7 20.Nd2 e6 21.Bf1 Ne7 22.Bg2 Ng6 23.
Bc3 Rh8 24.Nb1 Nxh4 25.gxh4 Bxh4+ 26.Kg1 Bg3 27.Be1 h4 28.Nd2 Bxe1 29.Qxe1
Qf6 30.Rc2 Rag8 31.Nb1 Bb5 32.Bf1 Kf7 33.Bxb5 axb5 34.Rch2 h3 35.Qg3 Ra8 
36.Rc2 c6 37.Kh2 b4 38.Rf1 Ra6 39.Rff2 Rha8 40.Rb2 Kg6 41.Rfc2 Kh5 42.Nd2 
Ra5 43.Nf1 Qh4 44.Qg1 Kg6 45.Ng3 R8a6 46.Qe1 Rb5 47.Qd2 Ra3 48.Qf2 Qh8 49.
Qd2 Qa8 50.Qf2 Rba5 51.Qe2 Qa6 52.Qf2 Qa8 53.Qd2 Rb5 54.Qf2 Rba5 55.Qd2 
Qa7 56.Qf2 Qb8 57.Qd2 Rb5 58.Qf2 Qh8 59.Qd2 Ra8 60.Qd3 Qh6 61.Rb1 Rba5 62.
Rbb2 Kf6 63.Qd2 Rb5 64.Qd3 Rba5 1/2-1/2

[Event "XVIII Festival Magistrale"]
[Site "Asti ITA"]
[Date "1997.10.03"]
[Round "7"]
[White "Ricca, Roberto"]
[Black "Malano, Francesco"]
[Result "1-0"]
[WhiteElo "2145"]
[BlackElo "2045"]
[PlyCount "85"]
[EventDate "1997.09.27"]

1.f4 c5 2.Nf3 Nc6 3.g3 g6 4.Bg2 Bg7 5.d3 d6 6.e4 e6 7.c3 Nge7 8.Na3 Rb8 9.
O-O b5 10.Nc2 a5 11.Be3 Qc7 12.d4 c4 13.Qd2 O-O 14.Nh4 f5 15.d5 exd5 16.
exf5 Bxf5 17.Nxf5 Rxf5 18.Rad1 h5 19.h3 Rd8 20.g4 hxg4 21.hxg4 Rff8 22.
Bxd5+ Nxd5 23.Qxd5+ Rf7 24.Qxb5 Rb8 25.Qxc4 Qd7 26.f5 Ne5 27.Qe4 gxf5 28.
gxf5 Bf6 29.Rf2 Rg7+ 30.Rg2 Rxg2+ 31.Qxg2+ Kf7 32.Qd5+ Ke7 33.Nd4 Rxb2 34.
Bf4 Qc8 35.Bxe5 Bxe5 36.Nc6+ Kf6 37.Nxe5 dxe5 38.Qd6+ Kxf5 39.Rf1+ Kg4 40.
Qd1+ Kh4 41.Qe1+ Kh5 42.Qxe5+ Kg6 43.Rf6+ 1-0

[Event "XVIII Festival Magistrale"]
[Site "Asti ITA"]
[Date "1997.10.04"]
[Round "8"]
[White "Arlandi, Ennio"]
[Black "Glek, Igor V."]
[Result "0-1"]
[WhiteElo "2470"]
[BlackElo "2505"]
[PlyCount "132"]
[EventDate "1997.09.27"]

1.d4 Nf6 2.c4 g6 3.Nc3 Bg7 4.e4 d6 5.Nf3 O-O 6.Be2 Na6 7.O-O c6 8.e5 dxe5 
9.Nxe5 c5 10.d5 Ne8 11.Bf4 Nd6 12.Re1 Nf5 13.Nd3 Bd7 14.Bf1 Rc8 15.Be5 f6 
16.Bf4 Re8 17.b3 b6 18.a4 g5 19.Bd2 Nc7 20.Nb5 a5 21.Nxc7 Qxc7 22.Bc3 e5 
23.dxe6 Rxe6 24.Rxe6 Bxe6 25.Ra2 Rd8 26.Rd2 Nd4 27.Nc1 f5 28.Ne2 Nc6 29.
Bxg7 Kxg7 30.Rxd8 Qxd8 31.Qxd8 Nxd8 32.f4 gxf4 33.Nxf4 Kf6 34.Kf2 Nc6 35.
Be2 Nd4 36.Bd1 Ke5 37.Ke3 Bd7 38.Nd3+ Kf6 39.g3 Bc6 40.Nf2 Bg2 41.Kf4 Bf1 
42.Ke3 Ke5 43.Kd2 Bg2 44.Nd3+ Kf6 45.Nf4 Bf3 46.Bxf3 Nxf3+ 47.Kd3 Nxh2 48.
Nd5+ Ke6 49.Ke2 Ng4 50.Nxb6 Nf6 51.Kf3 Ke5 52.Nc8 Ne4 53.Nb6 Kd4 54.Kf4 
Nd2 55.Kxf5 Nxb3 56.g4 Nd2 57.g5 Nxc4 58.Nd7 Nd6+ 59.Kf4 c4 60.Ne5 c3 61.
Nc6+ Kd3 62.Nxa5 c2 63.Nb3 Nc4 64.Kf5 Na5 65.Nc1+ Kd2 66.Na2 Nc4 0-1

[Event "XVIII Festival Magistrale"]
[Site "Asti ITA"]
[Date "1997.10.04"]
[Round "8"]
[White "Crea, Vincenzo"]
[Black "Saccona, Silvano"]
[Result "0-1"]
[WhiteElo "2155"]
[BlackElo "2155"]
[PlyCount "94"]
[EventDate "1997.09.27"]

1.d4 d6 2.h3 e5 3.dxe5 dxe5 4.Qxd8+ Kxd8 5.Nf3 f6 6.e4 Be6 7.Be3 Nd7 8.
Nfd2 Bb4 9.a3 Ba5 10.Be2 Bb6 11.Bxb6 Nxb6 12.Nc3 c6 13.O-O-O Kc7 14.Bg4 
Bf7 15.Nb3 h5 16.Be2 Ne7 17.Nc5 Rad8 18.g3 Nc4 19.Rxd8 Rxd8 20.Bxh5 Bxh5 
21.Ne6+ Kc8 22.Nxd8 Kxd8 23.g4 Bf7 24.h4 Ng8 25.Ne2 Nd6 26.f3 Ke7 27.Ng3 
Nh6 28.a4 Be8 29.b3 Ke6 30.Kd2 c5 31.Ke3 Ng8 32.Nf5 Nxf5+ 33.gxf5+ Kf7 34.
Rd1 Ne7 35.Rd8 Nc6 36.Rc8 Bd7 37.Rc7 Ke8 38.Rxb7 a6 39.Rb6 Kd8 40.Rxa6 Kc7
41.Ra8 Bc8 42.Kd3 Kb7 43.Rxc8 Kxc8 44.Kc4 Nd4 45.Kxc5 Nxf3 46.Kd6 Nxh4 47.
b4 Nxf5+ 0-1

[Event "XVIII Festival Magistrale"]
[Site "Asti ITA"]
[Date "1997.10.04"]
[Round "8"]
[White "Dubois, Martine"]
[Black "Rossi, Carlo"]
[Result "0-1"]
[WhiteElo "2010"]
[BlackElo "2355"]
[PlyCount "68"]
[EventDate "1997.09.27"]

1.e4 c5 2.c3 g6 3.d4 cxd4 4.cxd4 d5 5.exd5 Nf6 6.Bb5+ Nbd7 7.Nc3 Bg7 8.
Nge2 O-O 9.Nf4 Nb6 10.Qb3 Bf5 11.O-O g5 12.Bd3 Qc8 13.Bxf5 Qxf5 14.Nfe2 h5
15.Ng3 Qg6 16.f4 g4 17.f5 Qh7 18.Be3 Rfd8 19.d6 exd6 20.Nge4 d5 21.Ng5 Qh8
22.h4 g3 23.Rf3 Ng4 24.f6 Bxf6 25.Nce4 Bxd4 26.Nxf7 Bxe3+ 27.Rxe3 Qd4 28.
Nxd8 Rxd8 29.Nxg3 Nxe3 30.Nxh5 Nc2+ 31.Kh2 Qxh4+ 32.Kg1 Nxa1 33.Qd1 Nc2 
34.Qxc2 Qxh5 0-1

[Event "XVIII Festival Magistrale"]
[Site "Asti ITA"]
[Date "1997.10.04"]
[Round "8"]
[White "Frank, Albert"]
[Black "Flear, Glenn Curtis"]
[Result "0-1"]
[WhiteElo "2050"]
[BlackElo "2475"]
[PlyCount "62"]
[EventDate "1997.09.27"]

1.c4 e6 2.Nc3 d5 3.Nf3 d4 4.Nb5 Nc6 5.g3 a6 6.Na3 e5 7.d3 Nf6 8.Bg2 Bc5 9.
O-O O-O 10.Bg5 h6 11.Bxf6 Qxf6 12.Nd2 Qe7 13.Nc2 f5 14.Rb1 a5 15.Nb3 Bd6 
16.e3 a4 17.Nd2 Bc5 18.e4 f4 19.b3 axb3 20.axb3 Nb4 21.Nxb4 Bxb4 22.Nf3 g5
23.Ne1 g4 24.f3 fxg3 25.hxg3 Qg5 26.Nc2 Bc3 27.Rf2 Ra2 28.Qf1 gxf3 29.Bxf3
Rxc2 30.Rxc2 Qe3+ 31.Kg2 Rxf3 0-1

[Event "XVIII Festival Magistrale"]
[Site "Asti ITA"]
[Date "1997.10.04"]
[Round "8"]
[White "Korneev, Oleg"]
[Black "Dutreeuw, Marc"]
[Result "0-1"]
[WhiteElo "2565"]
[BlackElo "2400"]
[PlyCount "116"]
[EventDate "1997.09.27"]

1.e4 e5 2.Nf3 Nf6 3.d4 Nxe4 4.Bd3 d5 5.Nxe5 Nd7 6.Nxd7 Bxd7 7.O-O Nf6 8.
Re1+ Be7 9.Bf4 Bg4 10.f3 Be6 11.Nc3 O-O 12.Ne2 Nh5 13.Be5 f6 14.Bf4 Bf7 
15.Be3 g6 16.Qd2 Re8 17.g4 Ng7 18.Ng3 Bd6 19.Qf2 c6 20.f4 Qc7 21.f5 g5 22.
Kg2 h5 23.h3 h4 24.Nf1 Re7 25.Re2 Rae8 26.Rae1 Qd7 27.a3 Bb8 28.Qf3 Bc7 
29.c3 Bb8 30.Kg1 Bc7 31.Kh1 Bb8 32.Qg2 Bc7 33.Bg1 Rxe2 34.Rxe2 Rxe2 35.
Qxe2 Ne8 36.Bh2 Nd6 37.Nd2 b6 38.Kg1 c5 39.Qe3 Kf8 40.Kg2 Qc6 41.a4 Nc4 
42.Nxc4 dxc4+ 43.Be4 Bd5 44.Bxd5 Qxd5+ 45.Kg1 Bxh2+ 46.Kxh2 cxd4 47.cxd4 
a6 48.Kg1 Kf7 49.Kf1 b5 50.axb5 axb5 51.Ke1 b4 52.Kd1 Kf8 53.Kc2 Qg2+ 54.
Kc1 Qh1+ 55.Kc2 Qg2+ 56.Kb1 b3 57.Qe1 Qc2+ 58.Ka1 c3 0-1

[Event "XVIII Festival Magistrale"]
[Site "Asti ITA"]
[Date "1997.10.04"]
[Round "8"]
[White "Malano, Francesco"]
[Black "Fuggetta, Leonardo"]
[Result "1-0"]
[WhiteElo "2045"]
[BlackElo "2065"]
[PlyCount "63"]
[EventDate "1997.09.27"]

1.e4 c5 2.Nc3 Nc6 3.f4 d6 4.Nf3 g6 5.d3 Bg7 6.Be3 e6 7.e5 b6 8.d4 cxd4 9.
Nxd4 Nxd4 10.Qxd4 d5 11.Nb5 Ne7 12.Nd6+ Kf8 13.Be2 Bd7 14.O-O-O Nc8 15.
Nxc8 Rxc8 16.g4 Qc7 17.Rd2 Ke8 18.Ba6 Rb8 19.Bd3 h5 20.gxh5 Rxh5 21.Rg2 
Rh8 22.h4 Bf8 23.Kb1 Bc5 24.Qc3 d4 25.Bxd4 Bc6 26.Bxc5 Bxg2 27.Bb5+ Kd8 
28.Qd3+ Kc8 29.Bd6 Qd8 30.Ba6+ Rb7 31.Qc4+ Kd7 32.Qb5+ 1-0

[Event "XVIII Festival Magistrale"]
[Site "Asti ITA"]
[Date "1997.10.04"]
[Round "8"]
[White "Quagliana, Giuseppe"]
[Black "Mollero, Michele"]
[Result "0-1"]
[WhiteElo "1914"]
[BlackElo "2095"]
[PlyCount "40"]
[EventDate "1997.09.27"]

1.d4 d5 2.c4 dxc4 3.Nc3 c5 4.d5 e6 5.e4 Nf6 6.Bxc4 exd5 7.Bxd5 Nxd5 8.exd5
Be7 9.Nge2 O-O 10.O-O Na6 11.Bf4 Bd6 12.Qd3 Nb4 13.Qg3 Bxf4 14.Nxf4 Bf5 
15.Rad1 Qd7 16.Nh5 Bg6 17.Ne4 Qf5 18.Nxc5 Bxh5 19.Rd4 Nxd5 20.Qb3 Nf4 0-1

[Event "XVIII Festival Magistrale"]
[Site "Asti ITA"]
[Date "1997.10.04"]
[Round "8"]
[White "Rossi, Giampiero"]
[Black "Luther, Thomas"]
[Result "0-1"]
[WhiteElo "2150"]
[BlackElo "2525"]
[PlyCount "44"]
[EventDate "1997.09.27"]

1.d4 e6 2.c4 b6 3.Nc3 Bb4 4.Qc2 Bb7 5.e3 f5 6.f3 Qh4+ 7.Qf2 Qxf2+ 8.Kxf2 
Bxc3 9.bxc3 c5 10.a4 Nc6 11.dxc5 bxc5 12.a5 Ba6 13.Ba3 d6 14.Nh3 Nf6 15.
Nf4 Ke7 16.Be2 Rab8 17.Rhc1 Ne5 18.Nd3 Nxc4 19.Nxc5 dxc5 20.Bxc5+ Kd7 21.
Bxa7 Rb2 22.Re1 Rd8 0-1

[Event "XVIII Festival Magistrale"]
[Site "Asti ITA"]
[Date "1997.10.05"]
[Round "9"]
[White "Flear, Glenn Curtis"]
[Black "Korneev, Oleg"]
[Result "0-1"]
[WhiteElo "2475"]
[BlackElo "2565"]
[PlyCount "64"]
[EventDate "1997.09.27"]

1.d4 Nf6 2.c4 e6 3.g3 d5 4.Bg2 dxc4 5.Nf3 a6 6.O-O Nc6 7.e3 Bd7 8.Ne5 Nxe5
9.dxe5 Nd5 10.Bxd5 exd5 11.Qxd5 Bc6 12.Qd4 b5 13.Nc3 h5 14.f3 Be7 15.Bd2 
O-O 16.Rad1 f6 17.Qh4 Qe8 18.e4 fxe5 19.Bg5 Bc5+ 20.Kg2 Bd4 21.Rd2 Qg6 22.
Ne2 Bc5 23.Be7 Be3 24.Bxf8 Bxd2 25.Be7 Re8 26.Rd1 Be3 27.Bd8 Qf7 28.Bg5 
Rf8 29.Rf1 Bxg5 30.Qxg5 Bxe4 31.Ng1 Bd3 32.Re1 e4 0-1

[Event "XVIII Festival Magistrale"]
[Site "Asti ITA"]
[Date "1997.10.05"]
[Round "9"]
[White "Glek, Igor V."]
[Black "Naumkin, Igor"]
[Result "1-0"]
[WhiteElo "2505"]
[BlackElo "2410"]
[PlyCount "59"]
[EventDate "1997.09.27"]

1.e4 e5 2.Nf3 Nc6 3.Bb5 a6 4.Bxc6 dxc6 5.O-O Qd6 6.Na3 Be6 7.Qe2 f6 8.Rd1 
c5 9.c3 Bg4 10.h3 Bh5 11.d4 cxd4 12.cxd4 exd4 13.g4 Bf7 14.Nxd4 Rd8 15.Be3
Qe5 16.Qc2 Bxa3 17.bxa3 Ne7 18.Nf3 Rxd1+ 19.Rxd1 Qa5 20.Bc5 Nc6 21.Nd4 
Nxd4 22.Rxd4 Be6 23.Qd3 c6 24.Rd6 Kf7 25.Qd4 Qc7 26.f4 h5 27.f5 Bc8 28.e5 
fxe5 29.Qxe5 Re8 30.Rf6+ 1-0

[Event "XVIII Festival Magistrale"]
[Site "Asti ITA"]
[Date "1997.10.05"]
[Round "9"]
[White "Ricca, Roberto"]
[Black "Quagliana, Giuseppe"]
[Result "1-0"]
[WhiteElo "2145"]
[BlackElo "1914"]
[PlyCount "61"]
[EventDate "1997.09.27"]

1.f4 d5 2.Nf3 g6 3.g3 Bg7 4.Bg2 c5 5.d3 Nh6 6.O-O Nc6 7.c3 d4 8.Qe1 O-O 9.
Na3 Rb8 10.Bd2 f5 11.Nc4 Nf7 12.cxd4 cxd4 13.Qf2 b5 14.Na3 Qd7 15.Rac1 e5 
16.Ng5 Nxg5 17.fxg5 e4 18.Bf4 Ne5 19.Rc5 Qe7 20.Rfc1 Nd7 21.Rxb5 Rxb5 22.
Nxb5 e3 23.Qe1 Be5 24.Nxa7 Bxf4 25.Nxc8 Qxg5 26.gxf4 Qxf4 27.Qg3 Qh6 28.
Qd6 Nf6 29.Ne7+ Kh8 30.Rc8 Kg7 31.Nxf5+ 1-0

[Event "XVIII Festival Magistrale"]
[Site "Asti ITA"]
[Date "1997.10.05"]
[Round "9"]
[White "Rossi, Carlo"]
[Black "Arlandi, Ennio"]
[Result "1-0"]
[WhiteElo "2355"]
[BlackElo "2470"]
[PlyCount "53"]
[EventDate "1997.09.27"]

1.e4 c6 2.Ne2 d5 3.e5 c5 4.d4 Nc6 5.c3 Bf5 6.dxc5 e6 7.b4 Bxb1 8.Rxb1 Nxe5
9.Nd4 a6 10.Qa4+ Nd7 11.Be2 Ne7 12.Bf4 Qc8 13.O-O Nc6 14.Bg4 Nf6 15.Bh3 
Ne4 16.Rfe1 Be7 17.Qb3 Bf6 18.Rxe4 dxe4 19.Nxe6 fxe6 20.Bxe6 Qd8 21.Rd1 
Nd4 22.Rxd4 Bxd4 23.Bf7+ Kf8 24.Bd6+ Qxd6 25.cxd6 Bf6 26.Qe6 Bd8 27.Qe8# 
1-0

[Event "XVIII Festival Magistrale"]
[Site "Asti ITA"]
[Date "1997.10.05"]
[Round "9"]
[White "Saccona, Silvano"]
[Black "Frank, Albert"]
[Result "0-1"]
[WhiteElo "2155"]
[BlackElo "2050"]
[PlyCount "118"]
[EventDate "1997.09.27"]

1.e4 c5 2.Nc3 Nc6 3.Nf3 Nf6 4.d4 d5 5.Bb5 dxe4 6.Ne5 cxd4 7.Nxc6 bxc6 8.
Bxc6+ Bd7 9.Bxa8 dxc3 10.Bd5 cxb2 11.Bxf7+ Kxf7 12.Bxb2 Qa5+ 13.Qd2 Qxd2+ 
14.Kxd2 e6 15.Bd4 Nd5 16.Rhe1 Bb4+ 17.c3 Ba5 18.Rxe4 Rc8 19.Rc1 Rc4 20.Rc2
Bxc3+ 21.Rxc3 Nxc3 22.Kd3 Nxe4 23.Kxc4 a6 24.Kb4 Bb5 25.Kb3 g6 26.Kc2 Ke7 
27.f3 Nd6 28.Kd2 Bf1 29.g3 Kd7 30.Bg7 Kc6 31.Bf8 Kd5 32.Ke3 h5 33.Kf4 e5+ 
34.Kg5 Be2 35.g4 hxg4 36.fxg4 Bd3 37.h4 Ke6 38.h5 Nf7+ 39.Kh4 g5+ 40.Kg3 
Kf6 41.Kf3 Bc2 42.Ke2 Nd8 43.Bd6 Ne6 44.Kd2 Bb1 45.a3 Nd4 46.Bc7 Nf3+ 47.
Ke3 Nh2 48.Bd8+ Kg7 49.Bc7 Nxg4+ 50.Kf3 Nf6 51.Bxe5 Kf7 52.Bb2 Nxh5 53.Kg4
Kg6 54.Bc1 Bf5+ 55.Kf3 g4+ 56.Kf2 Be4 57.Ke3 Kf5 58.Bd2 g3 59.Be1 g2 0-1

[Event "XVIII Festival Magistrale"]
[Site "Asti ITA"]
[Date "1997.10.05"]
[Round "9"]
[White "Spinelli, Doriano"]
[Black "Dubois, Martine"]
[Result "1-0"]
[WhiteElo "2200"]
[BlackElo "2010"]
[PlyCount "82"]
[EventDate "1997.09.27"]

1.e4 Nf6 2.e5 Nd5 3.d4 d6 4.Nf3 c6 5.Bc4 Bg4 6.h3 Bxf3 7.Qxf3 dxe5 8.dxe5 
e6 9.O-O Nd7 10.Re1 Qc7 11.Qg3 Ne7 12.Nd2 Ng6 13.Nf3 O-O-O 14.h4 Nb6 15.
Bb3 a5 16.Be3 Ne7 17.Bxb6 Qxb6 18.Ng5 Nf5 19.Qh3 Rd2 20.Ne4 Rd8 21.Ng5 Rd2
22.Rf1 Bc5 23.Nxf7 Bxf2+ 24.Kh2 Rd4 25.Bxe6+ Kb8 26.Bxf5 Rxh4 27.Nxh8 Qxb2
28.Rae1 Qc3 29.Rxf2 Rxh3+ 30.Bxh3 Qxe1 31.Rf8+ Ka7 32.e6 Qe5+ 33.Kh1 Qe1+ 
34.Kh2 Qe5+ 35.Kg1 g5 36.Rf5 Qd4+ 37.Kh2 g4 38.e7 Qxh8 39.Bxg4 Qb8+ 40.g3 
Qh8 41.Rf8 Qc3 1-0